000 00712nam a2200181Ia 4500
008 151018s9999 xx 000 0 und d
082 _bRBASDV46301
_a891.434
100 _aशर्मा गोपाल
245 _aसंप्रेषण परक हिंदी भाषा शिक्षण
250 _b1
260 _bसाहित्य सहकार
_c2007
300 _a160
600 _aशर्मा गोपाल
630 _aसंप्रेषण परक हिंदी भाषा शिक्षण
700 _aशर्मा गोपाल
730 _aसंप्रेषण परक हिंदी भाषा शिक्षण
942 _cBOOK
999 _c1045464
_d1045461